Amores ; Arte de amar / (Registro nro. 92591)

Detalles MARC
000 -LEADER
campo de control de longitud fija 00765nam a2200241 i 4500
001 - NÚMERO DE CONTROL
campo de control 92591
003 - IDENTIFICADOR DE NÚMERO DE CONTROL
campo de control ES-MaACL
005 - FECHA Y HORA DE LA ÚLTIMA TRANSACCIÓN
campo de control 20230906181016.0
007 - CAMPO FIJO DE DESCRIPCIÓN FÍSICA--INFORMACIÓN GENERAL
campo de control de longitud fija t|
008 - DATOS DE LONGITUD FIJA--INFORMACIÓN GENERAL
campo de control de longitud fija 050405s2001 sp ||||1| spa d
020 ## - NÚMERO INTERNACIONAL ESTÁNDAR DEL LIBRO
Número Internacional Estándar del Libro 84-249-2533-5
080 ## - NÚMERO DE LA CLASIFICACIÓN DECIMAL UNIVERSAL
Número de la Clasificación Decimal Universal 821.124-14"-00"
100 1# - ENTRADA PRINCIPAL--NOMBRE DE PERSONA
Nombre de persona Ovidio Nasón, Publio.
9 (RLIN) 88013
245 10 - MENCIÓN DEL TÍTULO
Título Amores ; Arte de amar /
Mención de responsabilidad, etc. Ovidio ; introducción general, traducción y notas de Vicente Cristóbal López.
260 ## - PUBLICACIÓN, DISTRIBUCIÓN, ETC.
Lugar de publicación, distribución, etc. Madrid :
Nombre del editor, distribuidor, etc. Gredos,
Fecha de publicación, distribución, etc. [2001]
300 ## - DESCRIPCIÓN FÍSICA
Extensión XLIV, 257 p. ;
Dimensiones 22 cm.
490 1# - MENCIÓN DE SERIE
Mención de serie Biblioteca básica Gredos ;
Designación de volumen o secuencia 66
700 0# - ENTRADA AGREGADA--NOMBRE PERSONAL
Nombre de persona Cristóbal López, Vicente.
9 (RLIN) 41641
740 0# - ENTRADA AGREGADA--TÍTULO RELACIONADO/ANALÍTICO NO CONTROLADO
Título relacionado o analítico no controlado Arte de amar.
830 0# - PUNTO DE ACCESO ADICIONAL DE SERIE-TÍTULO UNIFORME
Título uniforme Biblioteca básica Gredos ;
Designación de volumen o secuencia 66
9 (RLIN) 184074
852 ## - LOCALIZACIÓN
Ubicación ES-MaACL
Número de control de estantería E-10929
Sublocalización o colección R.135755
Existencias
Estatus retirado Estado de pérdida Estado de daño No para préstamo Biblioteca de origen Biblioteca actual Ubicación en estantería Fecha de adquisición Fuente de adquisición Total de préstamos Signatura topográfica completa Código de barras Visto por última vez Precio de reemplazo Tipo de ítem Koha
        Biblioteca del Ateneo de Madrid Biblioteca del Ateneo de Madrid Depósito 2 17/01/2008     E-10929 1096664 23/02/2023 23/02/2023 Libro impreso